000 00394nam a2200145Ia 4500
008 210210b1986 xxu||||| |||| 00| 0 eng d
020 _a81 208 0073 7
082 _a305 MALD
100 _aMALIK (S C).
245 _aDeterminants of social status in India.
260 _aShimla.
_bIndian Institute Of Advanced Study.,
_c1986
300 _axi,192
690 _aSocial Structure
906 _a042835
999 _c92731
_d92731